Statistiques concernant Les 100 plus grandes villes de France

Cliquez ici pour prendre le quiz!

Statistiques générales

  • Ce quiz a été pris 5 716 fois
    (727 depuis la dernière actualisation)
  • Le résultat moyen est 55 sur 100

Statistiques - réponses

Villes% Correct
Paris
100%
Lyon
98%
Marseille
98%
Bordeaux
97%
Toulouse
96%
Nice
96%
Strasbourg
95%
Lille
95%
Nantes
94%
Rennes
92%
Montpellier
89%
Brest
86%
Grenoble
84%
Dijon
84%
Toulon
83%
Orléans
80%
Le Havre
80%
Saint-Étienne
80%
Nancy
79%
Saint-Denis
79%
Rouen
78%
Metz
78%
Reims
78%
Perpignan
77%
Nîmes
77%
Caen
77%
Clermont-Ferrand
77%
Tours
76%
Angers
76%
La Rochelle
73%
Versailles
72%
Cannes
71%
Pau
70%
Mulhouse
68%
Aix-en-Provence
68%
Poitiers
68%
Limoges
67%
Amiens
67%
Calais
67%
Avignon
66%
Le Mans
65%
Annecy
65%
Dunkerque
63%
Ajaccio
61%
Besançon
61%
Colmar
60%
Quimper
59%
Villeurbanne
59%
Troyes
58%
Valence
58%
Lorient
58%
Boulogne-Billancourt
55%
Chambéry
54%
Roubaix
53%
Fort-de-France
50%
Créteil
49%
Nanterre
49%
Bourges
48%
Béziers
48%
Tourcoing
47%
Évry-Courcouronnes
47%
Niort
46%
Saint-Nazaire
43%
Neuilly-sur-Seine
42%
Montauban
41%
Cergy
39%
Cherbourg-en-Cotentin
38%
Montreuil
38%
Cayenne
37%
Ivry-sur-Seine
36%
Argenteuil
34%
Antibes
33%
Levallois-Perret
32%
Aubervilliers
32%
Saint-Pierre
32%
Issy-les-Moulineaux
31%
Vitry-sur-Seine
29%
Saint-Paul
27%
Clichy
27%
Mérignac
26%
Rueil-Malmaison
26%
Vénissieux
24%
Sarcelles
24%
Aulnay-sous-Bois
24%
Drancy
23%
Saint-Maur-des-Fossés
23%
Pessac
23%
Colombes
23%
Le Tampon
23%
Antony
22%
Courbevoie
22%
Asnières-sur-Seine
21%
Villeneuve-d'Ascq
20%
Champigny-sur-Marne
20%
Noisy-le-Grand
19%
La Seyne-sur-Mer
19%
Mamoudzou
19%
Pantin
16%
Le Blanc-Mesnil
8%

Distribution des résultats

Percentile par nombre de réponses

% des personnes avec chaque résultat

Votre développement - résultats

Vous n’avez pas pris ce quiz depuis la dernière actualisation